| 000 | 00885nam0a22002891 4500 | ||
|---|---|---|---|
| 001 | RU\INFOCOMM_322\NLR\5000277702 | ||
| 005 | 20250614080947.0 | ||
| 035 | _a(NLR Aleph) 010623801 | ||
| 090 |
_a10611830 _c10611830 |
||
| 100 | _a20130328d1965 |||y0rusy50 ca | ||
| 101 | 0 | _aeng | |
| 102 | _aRU | ||
| 105 | _ay z|||| | ||
| 200 | 1 |
_aSome remarks on the regularities in the genetic code _fBy G. Rumer _gUSSR Acad. of sciences, Siberian division, Inst. for mathematics |
|
| 210 |
_aNovosibirsk _d1965 |
||
| 215 |
_a8 с. _d21 см |
||
| 300 | _a"Preprint" | ||
| 309 | _aОтпеч. множит. аппаратом | ||
| 320 | _aБиблиогр.: с. 6 | ||
| 620 | _aНовосибирск | ||
| 686 |
_aБл380 _2rubbk |
||
| 700 | 1 |
_aRumer _bG. |
|
| 801 | 1 |
_aRU _bInfocomm _c20130328 |
|
| 801 | 0 |
_aRU _bINFOCOMM _gPSBO |
|
| 852 |
_aNLR _jБл01 Г-4/107 |
||
| 942 | _cBOOK | ||
| 980 | _aNB | ||